Time and modality: being the John Locke lectures for 1955-56 delivered in the University of Oxford
Zapisane w:
| 1. autor: | |
|---|---|
| Format: | Książka |
| Język: | angielski |
| Wydane: |
Londres
Oxford University
1957
|
| Hasła przedmiotowe: | |
| Etykiety: |
Dodaj etykietę
Nie ma etykietki, Dołącz pierwszą etykiete!
|
MARC
| LEADER | 00000nam a2200000 a 4500 | ||
|---|---|---|---|
| 001 | UCZ5221 | ||
| 003 | CL-VaPUC | ||
| 008 | 951117e19570000UK |||||||||||||||||eng|d | ||
| 082 | 0 | 4 | |a 121 |b PRI |2 21 |
| 100 | 0 | |a Prior, Arthur N |e author |9 349186 | |
| 245 | 1 | 0 | |a Time and modality: being the John Locke lectures for 1955-56 delivered in the University of Oxford |
| 300 | |a 148 p | ||
| 942 | |c BK | ||
| 945 | |d 19951117 00:00:00 |a cmena | ||
| 260 | |a Londres |b Oxford University |c 1957 | ||
| 650 | 0 | |a Teoría del conocimiento |9 255038 | |
| 650 | 0 | |a Epistemología |9 264994 | |
| 650 | 0 | |a Lógica |9 256849 | |
| 650 | 0 | |a Ontología |9 256850 | |
| 650 | 0 | |a Lógica matemática |9 262442 | |
| 650 | 0 | |a Filosofía de las ciencias |9 256466 | |
| 583 | |a last modification |c 19951117 00:00:00 |k Rodrigo Vera | ||
| 999 | |c 241543 |d 241541 | ||
| 952 | |0 0 |1 0 |4 0 |6 121_000000000000000_PRI_1957 |7 0 |8 P |9 253889 |a BIBEDU |b BIBEDU |c BIBEDU_PB |d 2019-11-19 |i 1572946 |o 121 PRI 1957 |p 1572946 |r 2024-01-25 |w 2019-11-19 |y BK |k FIL | ||